<?xml version="1.0" encoding="UTF-8"?>
<record
    xmlns:xsi="http://www.w3.org/2001/XMLSchema-instance"
    xsi:schemaLocation="http://www.loc.gov/MARC21/slim http://www.loc.gov/standards/marcxml/schema/MARC21slim.xsd"
    xmlns="http://www.loc.gov/MARC21/slim">

  <leader>01728nam0a2200325 i 4500</leader>
  <controlfield tag="001">RU\NLR\bibl\1900135</controlfield>
  <controlfield tag="005">20260406152518.0</controlfield>
  <datafield tag="010" ind1=" " ind2=" ">
    <subfield code="a">9785938983281</subfield>
    <subfield code="9">1100</subfield>
  </datafield>
  <datafield tag="021" ind1=" " ind2=" ">
    <subfield code="a">RU</subfield>
    <subfield code="b">2012-28086</subfield>
    <subfield code="9">2090</subfield>
  </datafield>
  <datafield tag="035" ind1=" " ind2=" ">
    <subfield code="a">(NLR Aleph) 001889773</subfield>
  </datafield>
  <datafield tag="090" ind1=" " ind2=" ">
    <subfield code="a">2903841</subfield>
    <subfield code="c">2903841</subfield>
  </datafield>
  <datafield tag="100" ind1=" " ind2=" ">
    <subfield code="a">20120504d2012    u  y0rusy50      ca</subfield>
  </datafield>
  <datafield tag="101" ind1="1" ind2=" ">
    <subfield code="a">rus</subfield>
    <subfield code="c">eng</subfield>
  </datafield>
  <datafield tag="102" ind1=" " ind2=" ">
    <subfield code="a">RU</subfield>
  </datafield>
  <datafield tag="105" ind1=" " ind2=" ">
    <subfield code="a">ac  |||||||||</subfield>
  </datafield>
  <datafield tag="200" ind1="1" ind2=" ">
    <subfield code="a">&#x41F;&#x435;&#x441;&#x43D;&#x44C; &#x430;&#x43D;&#x433;&#x43B;&#x438;&#x447;&#x430;&#x43D;</subfield>
    <subfield code="e">[&#x441;&#x442;&#x438;&#x445;&#x438;]</subfield>
    <subfield code="a">&#x41D;&#x435;&#x43C;&#x43D;&#x43E;&#x433;&#x43E; &#x43E; &#x441;&#x435;&#x431;&#x435;</subfield>
    <subfield code="e">&#x434;&#x43B;&#x44F; &#x43C;&#x43E;&#x438;&#x445; &#x434;&#x440;&#x443;&#x437;&#x435;&#x439; - &#x437;&#x43D;&#x430;&#x43A;&#x43E;&#x43C;&#x44B;&#x445; &#x438; &#x43D;&#x435;&#x437;&#x43D;&#x430;&#x43A;&#x43E;&#x43C;&#x44B;&#x445;</subfield>
    <subfield code="e">[&#x43C;&#x435;&#x43C;&#x443;&#x430;&#x440;&#x44B;]</subfield>
    <subfield code="f">&#x420;&#x435;&#x434;&#x44C;&#x44F;&#x440;&#x434; &#x41A;&#x438;&#x43F;&#x43B;&#x438;&#x43D;&#x433;</subfield>
    <subfield code="g">&#x43F;&#x435;&#x440;. &#x441; &#x430;&#x43D;&#x433;&#x43B;. &#x41D;.&#x41C;. &#x413;&#x43E;&#x43B;&#x44F;, &#x414;.&#x412;. &#x412;&#x43E;&#x437;&#x43D;&#x44F;&#x43A;&#x435;&#x432;&#x438;&#x447;&#x430;</subfield>
    <subfield code="g">[&#x43F;&#x43E;&#x441;&#x43B;&#x435;&#x441;&#x43B;. &#x410;.&#x41C;. &#x417;&#x432;&#x435;&#x440;&#x435;&#x432;&#x430;</subfield>
    <subfield code="g">&#x43A;&#x43E;&#x43C;&#x43C;&#x435;&#x43D;&#x442;. &#x412;.&#x41F;. &#x41C;&#x443;&#x440;&#x430;&#x442;, &#x412;.&#x413;. &#x417;&#x430;&#x440;&#x442;&#x430;&#x439;&#x441;&#x43A;&#x43E;&#x433;&#x43E;]</subfield>
    <subfield code="g">96 &#x438;&#x43B;. &#x423;&#x438;&#x43B;&#x44C;&#x44F;&#x43C;&#x430; &#x425;&#x438;&#x442;&#x430; &#x420;&#x43E;&#x431;&#x438;&#x43D;&#x441;&#x43E;&#x43D;&#x430;</subfield>
  </datafield>
  <datafield tag="210" ind1=" " ind2=" ">
    <subfield code="a">&#x421;&#x430;&#x43D;&#x43A;&#x442;-&#x41F;&#x435;&#x442;&#x435;&#x440;&#x431;&#x443;&#x440;&#x433;</subfield>
    <subfield code="c">&#x412;&#x438;&#x442;&#x430; &#x41D;&#x43E;&#x432;&#x430;</subfield>
    <subfield code="d">2012</subfield>
  </datafield>
  <datafield tag="215" ind1=" " ind2=" ">
    <subfield code="a">365, [1] &#x441;.</subfield>
    <subfield code="c">&#x438;&#x43B;., &#x446;&#x432;. &#x438;&#x43B;., &#x43F;&#x43E;&#x440;&#x442;&#x440;.</subfield>
    <subfield code="d">24</subfield>
  </datafield>
  <datafield tag="225" ind1="1" ind2=" ">
    <subfield code="a">&#x424;&#x430;&#x43C;&#x438;&#x43B;&#x44C;&#x43D;&#x430;&#x44F; &#x431;&#x438;&#x431;&#x43B;&#x438;&#x43E;&#x442;&#x435;&#x43A;&#x430;</subfield>
    <subfield code="i">&#x427;&#x438;&#x442;&#x430;&#x43B;&#x44C;&#x43D;&#x44B;&#x439; &#x437;&#x430;&#x43B;</subfield>
  </datafield>
  <datafield tag="600" ind1=" " ind2="1">
    <subfield code="a">&#x420;&#x43E;&#x431;&#x438;&#x43D;&#x441;&#x43E;&#x43D;</subfield>
    <subfield code="b">&#x423;.&#x425;.</subfield>
    <subfield code="f">1872 - 1944</subfield>
    <subfield code="g">&#x423;&#x438;&#x43B;&#x44C;&#x44F;&#x43C; &#x425;&#x438;&#x442;</subfield>
    <subfield code="9">2630714</subfield>
    <subfield code="3">RU\NLR\auth\661567274</subfield>
  </datafield>
  <datafield tag="686" ind1=" " ind2=" ">
    <subfield code="a">&#x429;153(4&#x412;&#x43B;)5-8&#x420;&#x43E;&#x431;&#x438;&#x43D;&#x441;&#x43E;&#x43D;</subfield>
  </datafield>
  <datafield tag="686" ind1=" " ind2=" ">
    <subfield code="a">&#x428;6(4&#x412;&#x43B;)57&#x44F;44{&#x41B;&#x445;1297-45&#x438;&#x437;&#x431;&#x440;}</subfield>
  </datafield>
  <datafield tag="700" ind1=" " ind2="1">
    <subfield code="4">070</subfield>
    <subfield code="8">rus</subfield>
    <subfield code="7">ca</subfield>
    <subfield code="a">&#x41A;&#x438;&#x43F;&#x43B;&#x438;&#x43D;&#x433;</subfield>
    <subfield code="b">&#x420;.</subfield>
    <subfield code="f">1865-1936</subfield>
    <subfield code="g">&#x420;&#x435;&#x434;&#x44C;&#x44F;&#x440;&#x434;</subfield>
    <subfield code="3">RU\NLR\auth\775969</subfield>
    <subfield code="9">115925</subfield>
  </datafield>
  <datafield tag="702" ind1=" " ind2="1">
    <subfield code="4">440</subfield>
    <subfield code="8">rus</subfield>
    <subfield code="7">ca</subfield>
    <subfield code="a">&#x420;&#x43E;&#x431;&#x438;&#x43D;&#x441;&#x43E;&#x43D;</subfield>
    <subfield code="b">&#x423;. &#x425;.</subfield>
    <subfield code="c">&#x445;&#x443;&#x434;&#x43E;&#x436;&#x43D;&#x438;&#x43A;</subfield>
    <subfield code="f">1872-1944</subfield>
    <subfield code="g">&#x423;&#x438;&#x43B;&#x44C;&#x44F;&#x43C; &#x425;&#x438;&#x442;</subfield>
    <subfield code="3">RU\NLR\auth\77106932</subfield>
    <subfield code="9">89857</subfield>
  </datafield>
  <datafield tag="702" ind1=" " ind2="1">
    <subfield code="4">730</subfield>
    <subfield code="8">rus</subfield>
    <subfield code="7">ca</subfield>
    <subfield code="a">&#x413;&#x43E;&#x43B;&#x44C;</subfield>
    <subfield code="b">&#x41D;. &#x41C;.</subfield>
    <subfield code="g">&#x41D;&#x438;&#x43A;&#x43E;&#x43B;&#x430;&#x439; &#x41C;&#x438;&#x445;&#x430;&#x439;&#x43B;&#x43E;&#x432;&#x438;&#x447;</subfield>
    <subfield code="f">1952 -</subfield>
    <subfield code="3">RU\NLR\auth\7723899</subfield>
    <subfield code="9">6952</subfield>
  </datafield>
  <datafield tag="801" ind1=" " ind2="0">
    <subfield code="a">RU</subfield>
    <subfield code="b">NLR</subfield>
    <subfield code="c">20120504</subfield>
    <subfield code="g">RCR</subfield>
  </datafield>
  <datafield tag="801" ind1=" " ind2="1">
    <subfield code="a">RU</subfield>
    <subfield code="b">NLR</subfield>
    <subfield code="c">20120504</subfield>
  </datafield>
  <datafield tag="942" ind1=" " ind2=" ">
    <subfield code="c">BOOK</subfield>
  </datafield>
  <datafield tag="980" ind1=" " ind2=" ">
    <subfield code="a">NBR</subfield>
  </datafield>
</record>
